Teórie farebných harmónií – ich aplikovateľnosť vo vstupných a komunikačných priestoroch zdravotníckych zariadení
Salvato in:
| Autore principale: | |
|---|---|
| Altri autori: | |
| Natura: | Manoscritto Libro |
| Lingua: | slovacco |
| Pubblicazione: |
Bratislava
2021
|
| Soggetti: | |
| Accesso online: | http://is.stuba.sk/zp/portal_zp.pl?podrobnosti=145658 |
| Tags: |
Nessun Tag, puoi essere il primo ad aggiungerne!!
|
MARC
| LEADER | 00000ntm a22000003a 4500 | ||
|---|---|---|---|
| 001 | stuzp66117 | ||
| 003 | SK-STU | ||
| 005 | 20230316104712.6 | ||
| 007 | ta | ||
| 008 | 150427s2015----xo-----f-mn---000-0-slo-d | ||
| 040 | |a STU |b slo | ||
| 041 | 0 | |a slo | |
| 100 | 1 | |a Cejpková, Silvia |u 053130 |k Z3 |4 aut |U FAD Fakulta architektúry a dizajnu |T FAD Ústav dejín a teórie architektúry a obnovy pamiatok |X 93583 |U A3130 |Y 394 |7 93583 | |
| 242 | 0 | 1 | |a Theory of the Colour Harmonies – their Applicability in the Entrance and Communication Spaces of the Medical Facilities |y eng |
| 245 | 1 | 0 | |a Teórie farebných harmónií – ich aplikovateľnosť vo vstupných a komunikačných priestoroch zdravotníckych zariadení |
| 260 | |c 2021 |a Bratislava | ||
| 650 | 4 | |a Colour Affects |2 eng | |
| 650 | 4 | |a NCS |2 eng | |
| 650 | 4 | |a colour psychology |2 eng | |
| 650 | 4 | |a colour harmony |2 eng | |
| 650 | 4 | |a healthcare |2 eng | |
| 650 | 4 | |a Colour Affects |2 slo | |
| 650 | 4 | |a NCS |2 slo | |
| 650 | 4 | |a psychológia farieb |2 slo | |
| 650 | 4 | |a harmónia farieb |2 slo | |
| 650 | 4 | |a zdravotníctvo |2 slo | |
| 700 | 1 | |a Urlandová, Andrea |u 053130 |k Z1 |4 ths |U FAD Fakulta architektúry a dizajnu |T FAD Ústav dejín a teórie architektúry a obnovy pamiatok |X 330 |U A3130 |Y 394 |7 A000000330 | |
| 856 | 4 | |u http://is.stuba.sk/zp/portal_zp.pl?podrobnosti=145658 |u https://opac.crzp.sk/?fn=detailBiblioForm&sid=FD5533CA5E14D63E44B169E9A2AD | |
| 996 | |b 284AU09330 |c A* 12643/V |l AAKNST |s P |a 0 |w stuzp66117_0001 | ||